<?xml version="1.0" encoding="UTF-8"?>
<record
    xmlns:xsi="http://www.w3.org/2001/XMLSchema-instance"
    xsi:schemaLocation="http://www.loc.gov/MARC21/slim http://www.loc.gov/standards/marcxml/schema/MARC21slim.xsd"
    xmlns="http://www.loc.gov/MARC21/slim">

  <leader>00975nam a2200205Ia 4500</leader>
  <datafield tag="999" ind1=" " ind2=" ">
    <subfield code="c">39186</subfield>
    <subfield code="d">39186</subfield>
  </datafield>
  <controlfield tag="001">5771</controlfield>
  <controlfield tag="003">GE_BSU</controlfield>
  <controlfield tag="005">20190531174929.0</controlfield>
  <controlfield tag="008">181216s1964||||ge |||||||||||||| ||geo||</controlfield>
  <datafield tag="040" ind1=" " ind2=" ">
    <subfield code="c">GE_BSU</subfield>
  </datafield>
  <datafield tag="041" ind1=" " ind2=" ">
    <subfield code="a">geo</subfield>
  </datafield>
  <datafield tag="080" ind1=" " ind2=" ">
    <subfield code="a">629.113/.114 &#x10DE;-33  </subfield>
  </datafield>
  <datafield tag="100" ind1=" " ind2=" ">
    <subfield code="a">&#x10DE;&#x10D4;&#x10E2;&#x10E0;&#x10D8;&#x10D0;&#x10E8;&#x10D5;&#x10D8;&#x10DA;&#x10D8;, &#x10D3;.</subfield>
    <subfield code="9">1913</subfield>
  </datafield>
  <datafield tag="245" ind1=" " ind2=" ">
    <subfield code="a">&#x10D0;&#x10D5;&#x10E2;&#x10DD;&#x10DB;&#x10DD;&#x10D1;&#x10D8;&#x10DA;&#x10D4;&#x10D1;&#x10D8;&#x10E1;&#x10D0; &#x10D3;&#x10D0; &#x10E2;&#x10E0;&#x10D0;&#x10E5;&#x10E2;&#x10DD;&#x10E0;&#x10D4;&#x10D1;&#x10D8;&#x10E1; &#x10D4;&#x10DA;&#x10D4;&#x10E5;&#x10E2;&#x10E0;&#x10DD;&#x10DB;&#x10DD;&#x10EC;&#x10E7;&#x10DD;&#x10D1;&#x10D8;&#x10DA;&#x10DD;&#x10D1;&#x10D0; :</subfield>
    <subfield code="b">&#x10D3;&#x10D0;&#x10DB;&#x10EE;&#x10DB;. &#x10E1;&#x10D0;&#x10EE;&#x10D4;&#x10DA;&#x10DB;&#x10EB;&#x10E6;. /</subfield>
    <subfield code="c">&#x10D3;. &#x10DE;&#x10D4;&#x10E2;&#x10E0;&#x10D8;&#x10D0;&#x10E8;&#x10D5;&#x10D8;&#x10DA;&#x10D8; ; 	&#x10E0;&#x10D4;&#x10D3;. &#x10DD;. &#x10E1;&#x10D0;&#x10D3;&#x10E0;&#x10D0;&#x10EB;&#x10D4;.</subfield>
  </datafield>
  <datafield tag="264" ind1=" " ind2=" ">
    <subfield code="a">&#x10D7;&#x10D1;&#x10D8;&#x10DA;&#x10D8;&#x10E1;&#x10D8; :</subfield>
    <subfield code="b">&#x10EA;&#x10DD;&#x10D3;&#x10DC;&#x10D0;,</subfield>
    <subfield code="c">1964.</subfield>
  </datafield>
  <datafield tag="300" ind1=" " ind2=" ">
    <subfield code="a">105 &#x10D2;&#x10D5;. :</subfield>
    <subfield code="b">&#x10D8;&#x10DA;.;</subfield>
    <subfield code="c">20 &#x10E1;&#x10DB;.</subfield>
  </datafield>
  <datafield tag="653" ind1=" " ind2=" ">
    <subfield code="a">&#x10D0;&#x10D5;&#x10E2;&#x10DD;&#x10DB;&#x10DD;&#x10D1;&#x10D8;&#x10DA;&#x10D4;&#x10D1;&#x10D8;&#x10E1;&#x10D0; &#x10D3;&#x10D0; &#x10E2;&#x10E0;&#x10D0;&#x10E5;&#x10E2;&#x10DD;&#x10E0;&#x10D4;&#x10D1;&#x10D8;&#x10E1; &#x10D4;&#x10DA;&#x10D4;&#x10E5;&#x10E2;&#x10E0;&#x10DD;&#x10DB;&#x10DD;&#x10EC;&#x10E7;&#x10DD;&#x10D1;&#x10D8;&#x10DA;&#x10DD;&#x10D1;&#x10D0;</subfield>
  </datafield>
  <datafield tag="700" ind1=" " ind2=" ">
    <subfield code="a">&#x10DD;. &#x10E1;&#x10D0;&#x10D3;&#x10E0;&#x10D0;&#x10EB;&#x10D4;</subfield>
    <subfield code="e">&#x10E0;&#x10D4;&#x10D3;&#x10D0;&#x10E5;&#x10E2;&#x10DD;&#x10E0;&#x10D8;</subfield>
    <subfield code="9">1914</subfield>
  </datafield>
  <datafield tag="942" ind1=" " ind2=" ">
    <subfield code="c">BK</subfield>
    <subfield code="2">udc</subfield>
  </datafield>
  <datafield tag="952" ind1=" " ind2=" ">
    <subfield code="0">0</subfield>
    <subfield code="1">0</subfield>
    <subfield code="2">udc</subfield>
    <subfield code="4">0</subfield>
    <subfield code="6">629113114_&#x10DE;33</subfield>
    <subfield code="7">0</subfield>
    <subfield code="9">41895</subfield>
    <subfield code="a">SPL</subfield>
    <subfield code="b">SPL</subfield>
    <subfield code="c">GEN</subfield>
    <subfield code="d">2018-12-17</subfield>
    <subfield code="g">0.54</subfield>
    <subfield code="o">629.113/.114 &#x10DE;-33</subfield>
    <subfield code="p">12033</subfield>
    <subfield code="r">2018-12-17</subfield>
    <subfield code="t">12033</subfield>
    <subfield code="w">2018-12-17</subfield>
    <subfield code="y">BK</subfield>
    <subfield code="z">0.54</subfield>
  </datafield>
  <datafield tag="952" ind1=" " ind2=" ">
    <subfield code="0">0</subfield>
    <subfield code="1">0</subfield>
    <subfield code="2">udc</subfield>
    <subfield code="4">0</subfield>
    <subfield code="6">629113114_&#x10DE;33</subfield>
    <subfield code="7">0</subfield>
    <subfield code="9">41896</subfield>
    <subfield code="a">SPL</subfield>
    <subfield code="b">SPL</subfield>
    <subfield code="c">GEN</subfield>
    <subfield code="d">2018-12-17</subfield>
    <subfield code="g">0.54</subfield>
    <subfield code="o">629.113/.114 &#x10DE;-33</subfield>
    <subfield code="p">12034</subfield>
    <subfield code="r">2018-12-17</subfield>
    <subfield code="t">12034</subfield>
    <subfield code="w">2018-12-17</subfield>
    <subfield code="y">BK</subfield>
    <subfield code="z">0.54 &#x10DA;.</subfield>
  </datafield>
  <datafield tag="952" ind1=" " ind2=" ">
    <subfield code="0">0</subfield>
    <subfield code="1">0</subfield>
    <subfield code="2">udc</subfield>
    <subfield code="4">0</subfield>
    <subfield code="6">629113114_&#x10DE;33</subfield>
    <subfield code="7">0</subfield>
    <subfield code="9">41897</subfield>
    <subfield code="a">SPL</subfield>
    <subfield code="b">SPL</subfield>
    <subfield code="c">GEN</subfield>
    <subfield code="d">2018-12-17</subfield>
    <subfield code="g">0.54</subfield>
    <subfield code="o">629.113/.114 &#x10DE;-33</subfield>
    <subfield code="p">12035</subfield>
    <subfield code="r">2018-12-17</subfield>
    <subfield code="t">12035</subfield>
    <subfield code="w">2018-12-17</subfield>
    <subfield code="y">BK</subfield>
    <subfield code="z">0.54 &#x10DA;.</subfield>
  </datafield>
</record>
